000 00424cam a2200181ua 4500
001 2680
008 110909n ii |||gr||||Z||||||asm
040 _cMAIN
082 _a891.4512
100 _aPhukan, Prabin,
245 1 1 _aLachit Barphukan
_cby Prabin Phukan
250 _a3rd.
260 _aDibrugarh:
_bBani Mandir,978.
300 _a88p:9cm.
653 _aAssamese drama
653 _aLachit Barphukan
942 _cBK
999 _c2531
_d2531